| 000 | 00997nam a2200289 i 4500 | ||
|---|---|---|---|
| 001 | 178872 | ||
| 003 | ES-MaACL | ||
| 005 | 20250708161745.0 | ||
| 008 | 110721s2009 sp a |||| |bspa d | ||
| 020 | _a978-84-7788-563-4 | ||
| 080 | _a821.134.2.09 | ||
| 080 | _a929 Góngora | ||
| 100 | 1 |
_aCarmona, Ángeles. _9138701 |
|
| 245 | 1 | 0 |
_aGóngora ya (z) / _cÁngeles Carmona. |
| 260 |
_a[Toledo] : _bConsejería de Cultura, Turismo y Artesanía, _c[2009] |
||
| 300 |
_a173 p. : _bil. ; _c21 cm. + _e1 CD. |
||
| 490 | 1 | _aNuevos formatos | |
| 505 | 8 |
_aContiene: _tEl Ateneo (p. 63) |
|
| 600 | 1 | 4 |
_aGóngora y Argote, Luis de- _xInfluencia. _9147418 |
| 700 | 1 |
_aArrabal, Fernando, _d1932- _923204 |
|
| 710 | 1 |
_aCastilla-La Mancha. _bJunta de Comunidades. _92495 |
|
| 740 | 3 | _aEl Ateneo. | |
| 830 | 0 |
_aNuevos formatos _9224361 |
|
| 852 |
_aES-MaACL _jA-11413 _9185737 _bR.145779 _cDEPO1 _dOlim: N-4417 _xDonación: Editorial |
||
| 942 |
_2udc _cMONOGRAFIA |
||
| 999 |
_c178872 _d178872 |
||